000 00267nam a2200109Ia 4500
008 200302s9999 xx 000 0 und d
100 _aJorge Glusberg
245 _aCairo International Exhibition
260 _bThe Architectural Design
260 _c1984
300 _a88 P.,
999 _c766
_d766